Memorandum de medicina Legal / (Record no. 90127)

MARC details
000 -LEADER
campo de control de longitud fija 00774nam a2200217 i 4500
001 - NÚMERO DE CONTROL
campo de control 90127
003 - IDENTIFICADOR DE NÚMERO DE CONTROL
campo de control ES-MaACL
005 - FECHA Y HORA DE LA ÚLTIMA TRANSACCIÓN
campo de control 20250806060940.0
007 - CAMPO FIJO DE DESCRIPCIÓN FÍSICA--INFORMACIÓN GENERAL
campo de control de longitud fija t|
008 - DATOS DE LONGITUD FIJA--INFORMACIÓN GENERAL
campo de control de longitud fija 050118s1925 sp ||||1| spa d
100 1# - ENTRADA PRINCIPAL--NOMBRE DE PERSONA
Nombre de persona Lefert, Paul.
9 (RLIN) 71234
245 10 - MENCIÓN DEL TÍTULO
Título Memorandum de medicina Legal /
Mención de responsabilidad, etc. por Pablo Lefert ; corregida y aumentada por Manuel P. de Petinto y Bertomeu.
260 ## - PUBLICACIÓN, DISTRIBUCIÓN, ETC.
Lugar de publicación, distribución, etc. Madrid :
Nombre del editor, distribuidor, etc. Bailly-Baillière,
Fecha de publicación, distribución, etc. 1925 (
Fabricante Blass)
300 ## - DESCRIPCIÓN FÍSICA
Extensión 327 p. ;
Dimensiones 16 cm.
490 1# - MENCIÓN DE SERIE
Mención de serie Novísimo manual del estudiante de medicina
650 07 - PUNTO DE ACCESO ADICIONAL DE MATERIA--TÉRMINO DE MATERIA
Término de materia o nombre geográfico como elemento de entrada Medicina legal
Fuente del encabezamiento o término embne
9 (RLIN) 14928
700 1# - ENTRADA AGREGADA--NOMBRE PERSONAL
Nombre de persona Pérez de Petinto y Bertomeu, Manuel.
9 (RLIN) 90803
830 0# - PUNTO DE ACCESO ADICIONAL DE SERIE-TÍTULO UNIFORME
Título uniforme Novísimo manual del estudiante de medicina
9 (RLIN) 231928
852 ## - LOCALIZACIÓN
Ubicación ES-MaACL
Número de control de estantería C-19523
Sublocalización o colección R.46314
Holdings
Estatus retirado Estado de pérdida Estado de daño No para préstamo Biblioteca de origen Biblioteca actual Ubicación en estantería Fecha de adquisición Fuente de adquisición Total de préstamos Signatura topográfica completa Código de barras Visto por última vez Precio de reemplazo Tipo de ítem Koha
        Biblioteca del Ateneo de Madrid Biblioteca del Ateneo de Madrid Galería 17/01/2008     C-19523 1094120 23/02/2023 23/02/2023 Libro impreso